000 00802nam a2200217 i 4500
001 160740
003 ES-MaACL
005 20250928124022.0
008 011227s1871 sp f |||| |bspa d
040 _aNA
_bspa
_cNA
080 _a929 Pepe-Hillo (0:82)
080 _a94(460)"1788/1808"(0:82)
100 1 _aNombela, Julio,
_d1836-1919
_985930
245 1 0 _aPepe-Hillo
_b: memorias de la España de pan y toros /
_cpor Julio Nombela.
260 _aMadrid :
_bJ. Castro y Compañía,
_c1871 (
_fImp. de R. Labajos)
300 _a2 v. (778, 532 p. :
_b[20] h. de lám.) ;
_c21 cm.
600 0 7 _aPepe-Hillo,
_d1754-1801-
_vNovelas
_2
_9163070
651 4 _aEspaña-
_xHistoria-
_y1788-1808, Carlos IV-
_vNovelas.
_98243
852 _aES-MaACL
_jC-1356
_z- Enc. hol.
999 _c160740
_d160740